| 000 | 00663cam a2200193 4500 | ||
|---|---|---|---|
| 008 | 081209n2005 mx a 000 0 spa u | ||
| 020 | _a970701671X | ||
| 035 | _aa476164 | ||
| 245 | 1 | 0 |
_aDesmitificación y nuevos mitos sobre la pobreza : _bescuchando "lo que dicen los pobres" / _ccoordinador Miguel Székely. |
| 250 | _a1a ed. | ||
| 260 |
_aMéxico : _bSEDESOL : _bCIESAS : _b Miguel Angel Porrúa, _c2005 |
||
| 300 |
_a487 p. : _bil. ; _c23 cm. |
||
| 504 | _aIncluye bibliografía | ||
| 650 | 4 |
_aPobres _zMéxico _zActitudes _2lemb |
|
| 650 | 4 |
_aPobreza _zMéxico |
|
| 700 | 1 | _aSzékely, miguel, coord. | |
| 942 |
_2lcc _cLIB |
||
| 999 |
_c66154 _d66154 |
||